Music Quiz

Random Music or Song Quiz

Love Songs Quiz Stats

 Plays Quiz Updated Dec 21, 2018

Support Sporcle.
Go Orange.
Score 0/42 Timer 10:00
1 Play Today
Song Artist % Correct
Can You Feel the Love Tonight?Elton John
76.1%
Love Me TenderElvis Presley
73.6%
I Will Always Love YouDolly Parton or Whitney Houston
69.4%
Love ShackThe B-52's
68.3%
You Can't Hurry LoveThe Supremes or Phil Collins
63.4%
Crazy in LoveBeyoncé
61%
Love in an ElevatorAerosmith
53.4%
Stop! In The Name of LoveThe Supremes
53.2%
I Just Called To Say I Love YouStevie Wonder
52.7%
Crazy Little Thing Called LoveQueen
51.8%
I Love Rock and RollJoan Jett
51.2%
Endless LoveDiana Ross & Lionel Richie
47%
How Deep Is Your LoveBee Gees
45.1%
When a Man Loves a WomanPercy Sledge or Michael Bolton
45%
Tainted LoveGloria Jones or Soft Cell
44.5%
I'll Make Love To YouBoyz II Men
41.2%
The Power of Love*Jennifer Rush
40.4%
The Power of Love*Huey Lewis and the News
37.7%
Friday I'm in LoveThe Cure
36.4%
Silly Love SongsPaul McCartney
35.6%
All Out Of LoveAir Supply
29.9%
Song Artist % Correct
Vision of LoveMariah Carey
29.2%
Baby, I Love Your WayPeter Frampton
28.6%
What Is Love*Haddaway
26.5%
Higher LoveSteve Winwood
25.3%
Love Her MadlyThe Doors
25.3%
It Must Have Been LoveRoxette
22.9%
Modern LoveDavid Bowie
22.6%
If You Love Somebody Set Them FreeSting
20.4%
I Need LoveLL Cool J
19.4%
Love StinksJ. Geils Band
18.2%
Love Will Tear Us ApartJoy Division
16.7%
Will You Love Me TomorrowThe Shirelles
15.4%
Old Fashioned Love SongThree Dog Night
13.9%
The Power of Love*Frankie Goes to Hollywood
10.4%
Bizarre Love TriangleNew Order
10.4%
Carrying Your Love With MeGeorge Strait
9.7%
Power of Love (Love Power)*Luther Vandross
7.8%
What Is Love*Howard Jones
6.3%
All is Full of LoveBjörk
4.5%
Message of LoveThe Pretenders
3.6%
Faded LovePatsy Cline
3.3%

From the Vault

'A' Countries by Area Minefield Blitz

by evanmurph

Geography 60s
Well, "A countries" seems grammatically weird, doesn't it?
Remove Ads.
Support Sporcle.
Get the best of Sporcle when you Go Orange. This ad-free experience offers more features, more stats, and more fun while also helping to support Sporcle. Thank you for becoming a member.

Show Comments

Extras

Top Quizzes Today


Score Distribution

Your Account Isn't Verified!

In order to create a playlist on Sporcle, you need to verify the email address you used during registration. Go to your Sporcle Settings to finish the process.

Report this User

Report this user for behavior that violates our Community Guidelines.

Details: